Obra completa

Збережено в:
Бібліографічні деталі
Автор: Silva, José Asunción
Інші автори: Orjuela, Héctor H. (editor crítico, coordinador))
Формат: Невідомо
Мова:Англійська
Опубліковано: Madrid, España ALLCA XX 1996
Редагування:Segunda edición /Edición Centenario
Серія:Colección Archivos; 7
Предмети:
Теги: Додати тег
Немає тегів, Будьте першим, хто поставить тег для цього запису!

MARC

LEADER 00000 a2200000 4500
003 CL-VaPUC
005 20210730120611.0
008 210616b ||||| |||| 00| 0 eng d
999 |c 433138  |d 433136 
020 |a 84-89666-06-7 
040 |c Pontificia Universidad Católica de Valparaíso 
082 |a Co861 SIL 1996 
100 |a Silva, José Asunción   |9 861441 
245 |a Obra completa  
250 |a Segunda edición /Edición Centenario 
260 |a Madrid, España   |b ALLCA XX  |c 1996 
300 |a 747 páginas  
440 |a Colección Archivos; 7  |9 861442 
583 |k Cristina Rojas  |c 20210617 
650 0 |a Poesías colombianas  |9 303141 
650 0 |a Literatura colombiana   |9 315578 
700 |a  Orjuela, Héctor H.   |e editor crítico  |e coordinador)  |9 861609 
942 |2 ddc  |c BK 
952 |0 0  |1 0  |2 ddc  |4 0  |6 CO_861_000000000000000_SIL_1996  |7 0  |8 A  |9 578191  |a BIBEDU  |b BIBEDU  |d 2021-06-16  |e 3  |g 0.00  |i 5584795  |o Co861 SIL 1996  |p 5584795  |r 2021-06-16  |t 1  |v 0.00  |w 2021-06-16  |y BK  |k LIT